| 000 | 00423nam a2200133Ia 4500 | ||
|---|---|---|---|
| 008 | 180321s2005 xx 000 0 und d | ||
| 082 | _a364.1534 UNI | ||
| 245 | _aManual for social workers dealing with child victims of trafficking and commercial sexual exploitation | ||
| 260 |
_aNew Delhi _bUNICEF _c2005 |
||
| 300 | _a202 | ||
| 650 | _aChildren - trafficking | ||
| 650 | _aPrevention | ||
| 906 | _aReceived on 12.01.2018 | ||
| 999 |
_c110913 _d110913 |
||